000 00551cam a22002172a 4500
001 013442
003 AR-FADEU
008 311216n1955####xxu####################dd
092 _a928
_bH437
100 _aHeath-Stubbs, John
245 _aCharles Williams
260 _aLondon
260 _bLongmans, Green
260 _c1955
300 _a44 p. : il
440 _aWriters and their work, bibliographical
_n65
500 _aIncludes bibliography
650 _aCHARLES, WILLIAMS-BIOGRAFIA; BIOGRAFIAS
546 _aInglés
942 _cBDGR
999 _c19209
_d19209